Statistics for U.S. Analogies

Click here to take the quiz!

General Stats

  • This quiz has been taken 70 times
  • The average score is 29 of 50

Answer Stats

Analogy % Correct
Maine is to {Atlantic} as Hawaii is to Pacific
94%
New York is to New York City as California is to {Los} {Angeles}
87%
Disneyland is to Anaheim as Disney World is to {Orlando}
87%
MLB is to {baseball} as NFL is to football
87%
Oahu is to {Hawaii} as Long Island is to New York
87%
Bill Gates is to {Microsoft} as Steve Jobs is to Apple
85%
{Canada} is to north as Mexico is to south
85%
Oscar is to film as Grammy is to {music}
83%
{Neil} {Armstrong} is to first as Buzz Aldrin is to second
81%
Delta is to {plane} as Amtrak is to train
79%
Iowa is to {Des} {Moines} as Arkansas is to Little Rock
79%
Peter is to Family Guy as {Homer} is to The Simpsons
79%
FDR is to Roosevelt as LBJ is to {Johnson}
77%
Yes We Can is to Obama as {Make} {America} {Great} {Again} is to Trump
77%
Facebook is to post as Twitter is to {tweet}
77%
Sandy is to New Jersey as Katrina is to {Louisiana}
77%
Democratic is to donkey as Republican is to {Elephant}
77%
Inuit are to {Alaska} as Navajo are to Arizona
73%
San Juan is to {Puerto} {Rico} as Pago Pago is to American Samoa
71%
Harvard is to {Massachusetts} as Yale is to Connecticut
67%
KC is to Kansas City as ABQ is to {Albuquerque}
63%
Stars are to states as stripes are to {colonies}
63%
Autobahn is to Germany as {Interstate} is to United States
63%
Pulp Fiction is to {Tarantino} as Jurassic Park is to Spielberg
62%
Midway is to {World} {War} {II} as Saigon is to Vietnam War
58%
Louis XIV is to Louisiana as {Virginia} is to Elizabeth I
58%
{Lincoln} is to United States as Davis is to Confederate States
58%
Superman is to {DC} as Spider-Man is to Marvel
56%
U.S.S.R. is to Warsaw Pact as U.S.A. is to {NATO}
56%
Gone with the Wind is to Gable as Titanic is to {diCaprio}
54%
Sarah Palin is to Alaska as Bernie Sanders is to {Vermont}
54%
Pistons is to {Michigan} as Grizzlies is to Tennessee
52%
Zloty is to Poland as {Dollar} as to United States
52%
Matt Ryan is to Falcons as {Tom} {Brady} is to Patriots
48%
European English is to film as American English is to {movie}
46%
Superior is to biggest as {Ontario} is to smallest
44%
Delano is to Roosevelt as {Milhous} is to Nixon
40%
Taylor is to {Whig} as Grant is to Republican
38%
Delaware is to {1787} as Hawaii is to 1959
35%
LAX is to Los Angeles as IAH is to {Houston}
35%
Hood is to Oregon as {Denali} is to Alaska
31%
Washington, D.C. is to Potomac as Pierre is to {Missouri}
31%
Pemberton is to Coke as {Walton} is to Wal-Mart
29%
Ducks is to Anaheim as {Lightning} is to Tampa
25%
{Meriwether} is to Lewis as William is to Clark
25%
Battle of Sharpsburg is to South as Battle of {Antietam} is to North
17%
Colorado is to colored as Nevada is to {snowy}
17%
Las Vegas is to 'The Meadows' as Los Angeles is to {the} {Angels}
15%
Washington is to Evergreen as Colorado is to {Centennial}
13%
LI is to Houston as LII is to {Minneapolis}
6%

Score Distribution

Percentile by Number Answered

Percent of People with Each Score

Your Score History

You have not taken this quiz